Fr. Conceicao Rodrigues College of Engineering

The Basics of cloud computing (Record no. 32527)

MARC details
000 -LEADER
fixed length control field 00362nam a2200169Ia 4500
082 ## - DEWEY DECIMAL CLASSIFICATION NUMBER
Classification number 4.65
100 ## - MAIN ENTRY--PERSONAL NAME
Personal name Rountree/Derrick
245 ## - TITLE STATEMENT
Title The Basics of cloud computing
260 ## - PUBLICATION, DISTRIBUTION, ETC.
Name of publisher, distributor, etc. Elsevier
Date of publication, distribution, etc. 2014
366 ## - TRADE AVAILABILITY INFORMATION
Publishers's discount category 25
300 ## - PHYSICAL DESCRIPTION
Extent 155
546 ## - LANGUAGE NOTE
Language note ENGLISH
-- Computers
650 ## - SUBJECT ADDED ENTRY--TOPICAL TERM
Topical term or geographic name entry element Cloud computing
654 ## - SUBJECT ADDED ENTRY--FACETED TOPICAL TERMS
Focus term cloud computing
942 ## - ADDED ENTRY ELEMENTS (KOHA)
Koha item type BOOK
Holdings
Withdrawn status Lost status Damaged status Not for loan Collection Home library Current library Date acquired Source of acquisition Cost, normal purchase price Inventory number Total Checkouts Full call number Barcode Date last seen Cost, replacement price Price effective from Koha item type
        CRC Fr. Agnel's C.Rodrigues College of Engineering Fr. Agnel's C.Rodrigues College of Engineering 17/03/2023 Allied Publishers 243.75 1643 dt 18.03.2016   4.65 24113 17/03/2023 325.00   BOOK